000 nam a22 a 4500
999 _c159513
_d159513
003 BLK
005 20230421151351.0
008 180410b bul|||||r ||||||| ||bul||
010 _aKNG00166684000
020 _a954-445-071-8
040 _aBLK
041 _aBUL
_cBUL
080 _aМетоди на управление. Мениджмънт. Анализи, планиране, ръководство, сътрудничество, контрол, коопериране и др.
_b005.5
_z005.5
100 1 _aПаркинсoн, Сирил Норткот
_eпърви автор
_9334513
139 _aПаркинсoн, Сирил Норткот и др.
_bП 22
245 1 0 _aГолемите идеи в мениджмънта
_bКратък ист. поглед
_cСирил Норткот Паркинсoн; съавт. М. К. Рустоумджи; съавт. С. А. Сапр; прев. от англ. Стою Ст. Керванбашиев; прев. от англ. Любка Хр. Делийска.
257 _aGBR
260 _aСофия
_bХристо Ботев
_c1993
300 _a208 с.
_bс табл.
_c20 см
380 _a0
500 _aБез сведение за ориг. загл.
650 4 _aУправленски труд
_9244358
650 4 _aРъководител
_9170062
650 4 _aУправление - теория
_9245497
650 4 _aОрганизация на управлението
_9250731
653 _aуправленски труд
653 _aмениджмънт
700 1 _aРустоумджи, М. К.
_eсъавт.
_9117850
700 1 _aСапр, С. А.
_eсъавт.
_9118897
700 1 _aКерванбашиев, Стою Ст.
_eпрев. от англ.
_9334389
700 1 _aДелийска, Любка Хр.
_eпрев. от англ.
_9334514
852 _aЦб 173534
_bЦб
856 4 _qpdf
_i0.00
_ldisable
856 4 _qpdf
_i0.00
_ldisable
942 _cKNG
_n0
_s1
944 _aCR
_c30.10.2014
_l30.10.2014 - от С1,Р / 30.10.2014
_kРадостина_Карадакова
944 _aED
_c30.10.2014
_l30.10.2014 - от С1,Р / 30.10.2014
999 _d159513
999 _d159513